Which U.S. City is Further North? - Statistics

General Stats
  • This quiz has been taken 30 times
    10 since last reset
  • The average score is 5 of 12
Answer Stats
Question Answer % Correct
St. Louis, Missouri or Cincinnati, Ohio Cincinnati
67%
Kansas City, Missouri or Denver, Colorado Denver
67%
Atlanta, Georgia or Birmingham, Alabama Atlanta
50%
New York, New York or Crescent City, California Crescent City
50%
Houston, Texas or San Antonio, Texas Houston
50%
Milwaukee, Wisconsin or Detroit, Michigan Milwaukee
50%
Salt Lake City, Utah or Philadelphia, Pennsylvania Salt Lake City
50%
Boston, Massachusetts or Boise, Idaho Boise
33%
Honolulu, Hawaii or Miami, Florida Miami
33%
Burlington, Vermont or Billings, Montana Billings
0%
Charleston, South Carolina or Los Angeles, California Los Angeles
0%
Portland, Oregon or Portland, Maine Portland, OR
0%
No matching quizzes found
Score Distribution
Percent of People with Each Score
Percentile by Number Answered
Your Score History
You have not taken this quiz since the last reset